[Event "First Saturday IM November2014"]
[Site "Budapest"]
[Date "2014.11.05"]
[Round "5.4"]
[White "Grimm, Daniel"]
[Black "Petesch, Gabriel N"]
[Result "1-0"]
[WhiteElo "2252"]
[BlackElo "2263"]
[PlyCount "111"]
[EventDate "2014.11.01"]

1. e4 e6 2. d4 d5 3. Nc3 dxe4 4. Nxe4 Nd7 5. Nf3 Ngf6 6. Bd3 c5 7. Qe2 cxd4 8.
Nxf6+ Nxf6 9. Bb5+ Bd7 10. Nxd4 Bc5 11. Bxd7+ Qxd7 12. Nb3 Bb6 13. O-O O-O 14.
Rd1 Qa4 15. Be3 Bxe3 16. Qxe3 a5 17. Rd4 Qc6 18. Qd3 a4 19. Nd2 Qb6 20. Nc4 Qc5
21. Ne3 a3 22. b3 b5 23. Rd1 h6 24. h3 Rfc8 25. c4 b4 26. Ng4 Nh7 27. Qg3 Qg5
28. Qf3 Nf8 29. Qd3 h5 30. Nh2 Ng6 31. Nf3 Qf6 32. Qd2 e5 33. Rd6 Qf5 34. Qg5
Qxg5 35. Nxg5 f6 36. Ne6 Ra7 37. Kf1 Ne7 38. Rd7 Rca8 39. Nc7 Rc8 40. Rxe7
Raxc7 41. Rxc7 Rxc7 42. Rd5 Kf7 43. Rb5 Ke6 44. Rxb4 Kf5 45. Ke2 Ke4 46. Ra4
Kd4 47. Kd2 g5 48. Rxa3 g4 49. hxg4 hxg4 50. Ra5 Rh7 51. Rd5+ Ke4 52. Rd3 f5
53. c5 f4 54. c6 Rc7 55. f3+ Kf5 56. Rc3 1-0

[Event "First Saturday IM November2014"]
[Site "Budapest"]
[Date "2014.11.05"]
[Round "5.5"]
[White "Martic, Zlatko"]
[Black "Boguszlavszkij, Jevgenyij"]
[Result "1-0"]
[WhiteElo "2321"]
[BlackElo "2262"]
[PlyCount "157"]
[EventDate "2014.11.01"]

1. d4 Nf6 2. c4 e6 3. Nc3 d5 4. Bg5 c6 5. e3 Nbd7 6. cxd5 exd5 7. Bd3 Be7 8.
Qc2 O-O 9. Nf3 Re8 10. O-O Nf8 11. Rae1 Ng6 12. Ne5 Ng4 13. Bxe7 Qxe7 14. f4
Qh4 15. g3 Qd8 16. Nxg4 Bxg4 17. f5 Nf8 18. Rf4 Bh5 19. Rh4 g6 20. Qf2 c5 21.
Bb5 cxd4 22. Bxe8 dxc3 23. Bxf7+ Kxf7 24. fxg6+ Kxg6 25. Rf1 Qg5 26. g4 Kg7 27.
Rxh5 Qxg4+ 28. Qg3 Qxg3+ 29. hxg3 cxb2 30. Rg5+ Ng6 31. Rxd5 Kh6 32. Rd7 Re8
33. Rxb7 Rxe3 34. Kf2 Ra3 35. Rxb2 Ne5 36. Kg2 Nc4 37. Rh1+ Kg6 38. Re2 Ne3+
39. Kf2 Ng4+ 40. Ke1 Rxg3 41. Re6+ Kf5 42. Ra6 Re3+ 43. Kd2 Re7 44. Rh5+ Kf4
45. Ra4+ Kg3 46. Rg5 h5 47. Rxh5 Ne5 48. Rh8 Kf2 49. Rf8+ Nf3+ 50. Kc3 Ke3 51.
Ra8 Rc7+ 52. Kb4 Nd4 53. Ka5 Nc6+ 54. Ka6 Kd3 55. Rh8 Kc3 56. Rh3+ Kb2 57. a3
Nb8+ 58. Kb5 Ka2 59. Rg4 Rb7+ 60. Kc5 Rb2 61. Ra4 Rc2+ 62. Kd6 Nc6 63. Kd5 Ne7+
64. Ke6 Nc6 65. Ra6 Nd4+ 66. Kd7 Nb5 67. a4 Rd2+ 68. Kc8 Nd6+ 69. Kc7 Ne8+ 70.
Kb8 Rd8+ 71. Kxa7 Rd7+ 72. Kb8 Rd8+ 73. Kb7 Rd7+ 74. Kc8 Rd4 75. Rg6 Nd6+ 76.
Kc7 Ne8+ 77. Kc6 Rd2 78. Rh8 Rc2+ 79. Kd7 1-0

[Event "First Saturday IM November2014"]
[Site "Budapest"]
[Date "2014.11.07"]
[Round "6.1"]
[White "Balint, Vilmos"]
[Black "Boguszlavszkij, Jevgenyij"]
[Result "0-1"]
[WhiteElo "2158"]
[BlackElo "2262"]
[PlyCount "78"]
[EventDate "2014.11.01"]

1. f4 e5 2. e4 Qh4+ 3. g3 Qe7 4. fxe5 d6 5. b3 Nc6 6. Nc3 dxe5 7. Nf3 Nf6 8.
Bc4 Be6 9. Nd5 Qd7 10. Nxf6+ gxf6 11. Bxe6 Qxe6 12. Qe2 O-O-O 13. Bb2 Bc5 14.
O-O-O Rhe8 15. Rhf1 Qd6 16. Nh4 Nd4 17. Qg4+ Kb8 18. c3 Ba3 19. cxd4 Bxb2+ 20.
Kxb2 Qxd4+ 21. Kb1 Qd3+ 22. Kb2 Qd4+ 23. Kb1 Qd3+ 24. Kc1 Re6 25. Qf3 Rc6+ 26.
Kb2 Qc2+ 27. Ka1 Ra6 28. a4 Rd3 29. Qxd3 Qxd3 30. Rf3 Qxe4 31. Kb2 Qe2 32. Rc1
Qxd2+ 33. Rc2 Qd4+ 34. Kb1 e4 35. Rfc3 Qd7 36. g4 Rc6 37. Rxc6 bxc6 38. Rg2 e3
39. Nf5 e2 0-1

[Event "First Saturday IM November2014"]
[Site "Budapest"]
[Date "2014.11.07"]
[Round "6.2"]
[White "Petesch, Gabriel N"]
[Black "Martic, Zlatko"]
[Result "1-0"]
[WhiteElo "2263"]
[BlackElo "2321"]
[PlyCount "33"]
[EventDate "2014.11.01"]

1. e4 e6 2. Nf3 d5 3. Nc3 d4 4. Ne2 c5 5. c3 Nc6 6. cxd4 cxd4 7. Qa4 Bc5 8. b4
Bb6 9. b5 Na5 10. Ba3 d3 11. Nf4 Bd7 12. Nh5 f6 13. e5 g6 14. Qb4 Kf7 15. exf6
Nxf6 16. Ne5+ Kg8 17. Qf4 1-0

[Event "First Saturday IM November2014"]
[Site "Budapest"]
[Date "2014.11.07"]
[Round "6.3"]
[White "Szalanczy, Emil"]
[Black "Grimm, Daniel"]
[Result "1-0"]
[WhiteElo "2232"]
[BlackElo "2252"]
[PlyCount "77"]
[EventDate "2014.11.01"]

1. e4 c5 2. Nf3 d6 3. d4 cxd4 4. Nxd4 Nf6 5. Nc3 a6 6. f3 e5 7. Nb3 Be7 8. Be3
O-O 9. Qd2 Be6 10. O-O-O a5 11. a4 Nc6 12. Kb1 Nb4 13. Bb5 d5 14. exd5 Bf5 15.
Na1 Ne8 16. g4 Bg6 17. h4 h5 18. gxh5 Bxh5 19. Qg2 Nd6 20. Rhg1 Bf6 21. Nb3 Rc8
22. Bc5 Nf5 23. Ne4 Nxh4 24. Qh3 Bxf3 25. Nxf6+ Qxf6 26. Rdf1 Nxd5 27. Rxf3
Nxf3 28. Rh1 Qh4 29. Bxf8 Rxf8 30. Qxh4 Nxh4 31. Rxh4 b6 32. Re4 f6 33. Bc4 Rd8
34. Nd4 Kh7 35. Rh4+ Kg6 36. Nc6 Rd6 37. Bxd5 Kg5 38. Ne7 Rd7 39. Rg4+ 1-0

[Event "First Saturday IM November2014"]
[Site "Budapest"]
[Date "2014.11.07"]
[Round "6.4"]
[White "Tran, Minh Thang"]
[Black "Hoegy, Kevin"]
[Result "0-1"]
[WhiteElo "2066"]
[BlackElo "2257"]
[PlyCount "140"]
[EventDate "2014.11.01"]

1. d4 Nf6 2. Bf4 d5 3. e3 g6 4. c4 Bg7 5. Nc3 O-O 6. Nf3 c5 7. Be2 Nc6 8. O-O
cxd4 9. Nxd4 Nxd4 10. Qxd4 Be6 11. cxd5 Nxd5 12. Be5 Nxc3 13. bxc3 Bxe5 14.
Qxe5 Rc8 15. Rfc1 Qc7 16. Qxc7 Rxc7 17. a4 Rfc8 18. Ra3 Bc4 19. Bxc4 Rxc4 20.
a5 R8c5 21. h3 Rb5 22. Rd1 a6 23. Kf1 Rcc5 24. Ke2 Kg7 25. Rd2 Rxa5 26. Rxa5
Rxa5 27. Rd7 Ra2+ 28. Kf3 Rb2 29. Rxe7 Kf6 30. Re8 h5 31. c4 Rb6 32. c5 Re6 33.
Rb8 Re7 34. c6 bxc6 35. Rb6 Ra7 36. Ke4 a5 37. Rxc6+ Kg5 38. Rc4 a4 39. Rc2 a3
40. Ra2 f5+ 41. Ke5 Ra5+ 42. Kd4 Kf6 43. h4 Ke6 44. f3 Ra4+ 45. Kd3 Kd5 46. g3
Kc5 47. Kc3 Kb5 48. Kb3 Rb4+ 49. Kc3 Ka4 50. Ra1 Rb6 51. Kd4 Re6 52. e4 Kb3 53.
Kd5 Re8 54. e5 a2 55. Rg1 Kb2 56. Rg2+ Ka3 57. Rg1 Rb8 58. Ra1 Kb2 59. Re1 a1=Q
60. Rxa1 Kxa1 61. e6 g5 62. f4 gxh4 63. gxh4 Kb2 64. Ke5 Kc3 65. Kxf5 Kd4 66.
Kg6 Kd5 67. f5 Kd6 68. Kf7 Rb7+ 69. Kg8 Ke5 70. Kf8 Kf6 0-1

[Event "First Saturday IM November2014"]
[Site "Budapest"]
[Date "2014.11.07"]
[Round "6.5"]
[White "Szeberenyi, Adam"]
[Black "Lyell, Mark"]
[Result "1-0"]
[WhiteElo "2316"]
[BlackElo "2294"]
[PlyCount "123"]
[EventDate "2014.11.01"]

1. Nf3 f5 2. e4 fxe4 3. Ng5 Nc6 4. d3 e3 5. Bxe3 e5 6. Nc3 Be7 7. Nd5 Nf6 8.
Nxe7 Qxe7 9. c4 O-O 10. Be2 Qb4+ 11. Qd2 d6 12. Ne4 Nxe4 13. dxe4 b6 14. O-O-O
Qxd2+ 15. Rxd2 Be6 16. Kb1 Na5 17. Rc1 Nb7 18. b4 c5 19. a3 Rac8 20. Rb2 Rc7
21. b5 Bf7 22. Rc3 Bg6 23. f3 Rd7 24. Kc1 Nd8 25. a4 Ne6 26. a5 Nd4 27. Bd3 Bf7
28. axb6 axb6 29. Ra3 Rc8 30. Rba2 Kf8 31. Ra8 Rdd8 32. Rxc8 Rxc8 33. Ra6 Rb8
34. Ra7 h6 35. Kb2 Be6 36. Bf2 Bc8 37. Bh4 g5 38. Bf2 Bb7 39. h4 Ke7 40. hxg5
hxg5 41. Be3 Kf6 42. Kc3 Ne6 43. g3 Nd8 44. f4 gxf4 45. gxf4 Ra8 46. Rxa8 Bxa8
47. Bf2 Nf7 48. Bh4+ Kg6 49. f5+ Kh5 50. Be7 Kg4 51. Be2+ Kf4 52. Bh5 Ng5 53.
f6 Nxe4+ 54. Kc2 Nxf6 55. Bxf6 d5 56. Be8 dxc4 57. Bc6 Kf5 58. Bd8 Bxc6 59.
bxc6 Ke6 60. Bxb6 e4 61. Bxc5 e3 62. Kc3 1-0

[Event "First Saturday IM November2014"]
[Site "Budapest"]
[Date "2014.11.08"]
[Round "7.1"]
[White "Lyell, Mark"]
[Black "Balint, Vilmos"]
[Result "1-0"]
[WhiteElo "2294"]
[BlackElo "2158"]
[PlyCount "167"]
[EventDate "2014.11.01"]

1. e4 e5 2. Nf3 Nc6 3. Bc4 Nf6 4. Ng5 d5 5. exd5 Na5 6. Bb5+ Bd7 7. Qe2 Be7 8.
Nc3 O-O 9. Bxd7 Qxd7 10. O-O Rfe8 11. d3 Bb4 12. Nge4 Nxd5 13. Nxd5 Qxd5 14.
Nf6+ gxf6 15. Qg4+ Kh8 16. Qxb4 Rg8 17. Qe4 Qe6 18. f4 Nc6 19. fxe5 fxe5 20.
Be3 Rg4 21. Qf3 Rag8 22. g3 Nb4 23. Rf2 f5 24. Re1 Qf6 25. a3 f4 26. axb4 Qg7
27. Qxg4 Qxg4 28. Rxf4 Qh5 29. Rf2 Re8 30. Bd2 Kg8 31. Bc3 Qg5 32. Rfe2 h5 33.
Bxe5 h4 34. d4 h3 35. Rf1 Rf8 36. Rxf8+ Kxf8 37. c3 c6 38. Kf2 Kf7 39. Bf4 Qd5
40. Ke3 Qh1 41. Rd2 Ke6 42. c4 Kf5 43. Kd3 Qf1+ 44. Kc3 b5 45. cxb5 Qxb5 46.
Bd6 Ke4 47. Bf4 a6 48. Rd1 Kd5 49. b3 Ke4 50. Re1+ Kf3 51. Re3+ Kg2 52. g4 Qf1
53. Rg3+ Kh1 54. Be5 Qc1+ 55. Kd3 Kxh2 56. g5 Qf1+ 57. Kc3 Qc1+ 58. Kd3 Qf1+
59. Ke4 Qb1+ 60. Kf4 Qg6 61. Ke3 Qc2 62. g6 Qxb3+ 63. Ke4 Qd5+ 64. Kf5 Qd7+ 65.
Kf4 Qe6 66. g7 Qg8 67. Kf3 Qd5+ 68. Ke3 Qb3+ 69. Ke4 Qd5+ 70. Kf5 Qf7+ 71. Kg5
Qe6 72. Kh5 Qg8 73. Kh6 Kh1 74. Rxh3+ Kg2 75. Rg3+ Kf2 76. Rg6 Ke3 77. Rxc6 Qa8
78. Kh7 Qxc6 79. g8=Q Qb7+ 80. Qg7 Qxb4 81. Qf6 a5 82. Qg5+ Ke4 83. Qg2+ Kf5
84. Qg6# 1-0

[Event "First Saturday IM November2014"]
[Site "Budapest"]
[Date "2014.11.08"]
[Round "7.3"]
[White "Grimm, Daniel"]
[Black "Tran, Minh Thang"]
[Result "0-1"]
[WhiteElo "2252"]
[BlackElo "2066"]
[PlyCount "68"]
[EventDate "2014.11.01"]

1. e4 c5 2. Nf3 e6 3. d4 cxd4 4. Nxd4 Nc6 5. Nb5 d6 6. Bf4 e5 7. Be3 a6 8. N5c3
Nf6 9. Bg5 Be7 10. Bxf6 Bxf6 11. Nd2 Be6 12. Nc4 Nd4 13. Ne3 Rc8 14. Bd3 O-O
15. Ncd5 Bxd5 16. Nxd5 g6 17. O-O Bg5 18. c3 Ne6 19. a4 Kh8 20. a5 f5 21. exf5
gxf5 22. Bc2 Qe8 23. Ne3 e4 24. Qxd6 Bf4 25. Qd1 Ng5 26. Nd5 Bxh2+ 27. Kh1 Be5
28. g3 Qg6 29. Kg2 f4 30. Qg4 f3+ 31. Kg1 Qh6 32. Rfd1 Nh3+ 33. Kf1 Nxf2 34.
Kxf2 Qh2+ 0-1

[Event "First Saturday IM November2014"]
[Site "Budapest"]
[Date "2014.11.08"]
[Round "7.4"]
[White "Martic, Zlatko"]
[Black "Szalanczy, Emil"]
[Result "0-1"]
[WhiteElo "2321"]
[BlackElo "2232"]
[PlyCount "80"]
[EventDate "2014.11.01"]

1. d4 Nf6 2. c4 c5 3. d5 e6 4. Nc3 exd5 5. cxd5 d6 6. Nf3 g6 7. Bf4 a6 8. a4
Bg7 9. h3 O-O 10. e3 Nh5 11. Bh2 f5 12. Be2 f4 13. O-O fxe3 14. fxe3 Qe7 15. e4
Nf4 16. e5 dxe5 17. Bc4 Qd8 18. Qd2 Nd7 19. Rae1 g5 20. d6+ Kh8 21. Nd5 b5 22.
Ba2 Bb7 23. Nc7 c4 24. Bb1 Qf6 25. Nxa8 Bxa8 26. h4 Bxf3 27. Rxf3 g4 28. Qc2
Qxh4 29. Bg3 Qh5 30. Rfe3 Nd3 31. Rxd3 cxd3 32. Qxd3 e4 33. Qxe4 Qc5+ 34. Re3
Nf6 35. Qd3 Bh6 36. Bf2 Bxe3 37. Bxe3 Qc4 38. Qf5 g3 39. d7 Qh4 40. Bc5 Nxd7
0-1

[Event "First Saturday IM November2014"]
[Site "Budapest"]
[Date "2014.11.08"]
[Round "7.5"]
[White "Boguszlavszkij, Jevgenyij"]
[Black "Petesch, Gabriel N"]
[Result "1-0"]
[WhiteElo "2262"]
[BlackElo "2263"]
[PlyCount "155"]
[EventDate "2014.11.01"]

1. g3 e5 2. Bg2 Nf6 3. c3 d5 4. d4 exd4 5. cxd4 Bd6 6. Nc3 c6 7. Nf3 h6 8. Qc2
Nbd7 9. O-O O-O 10. a3 Re8 11. Re1 Nf8 12. b4 Bg4 13. Bb2 Qd7 14. Na4 b6 15.
Ne5 Bxe5 16. dxe5 Bf5 17. Qb3 Ne4 18. Red1 Qe7 19. Nc3 Nd7 20. Nxe4 dxe4 21. f4
exf3 22. Qxf3 Bc2 23. Rd2 Nxe5 24. Qc3 Ba4 25. Rc1 Qg5 26. Rd6 Bb5 27. Rf1 a5
28. Rf4 axb4 29. Rxb4 Ra5 30. h4 Qf5 31. Rf4 Qb1+ 32. Rf1 Qa2 33. Be4 Qc4 34.
Qxe5 Qc5+ 35. Qxc5 bxc5 36. Bd3 c4 37. Bb1 c3 38. Bxc3 Rxa3 39. Rc1 Bxe2 40.
Rxc6 Bg4 41. Be1 Be6 42. Bf2 Rd8 43. Be4 Ra4 44. Bf3 Rb4 45. Kg2 Rd2 46. R1c2
Rd3 47. Rb6 Rdb3 48. Rxb4 Rxb4 49. Rd2 Kh7 50. Bd4 Kg6 51. Kf2 Bf5 52. Ke3 h5
53. Kf4 Bb1 54. Ke5 Rb3 55. Kf4 Rb4 56. Be4+ Bxe4 57. Kxe4 Ra4 58. Rc2 Ra6 59.
Rc5 f6 60. Rc3 Ra4 61. Rd3 Ra5 62. Be3 Re5+ 63. Kf3 Re7 64. Ra3 Rb7 65. Ra7 Rb3
66. Ke4 Rc3 67. Bf4 Rc8 68. Kd5 Rd8+ 69. Bd6 Re8 70. Rb7 Rd8 71. Ke6 Re8+ 72.
Kd7 Kf7 73. Rb5 Rh8 74. Bf4 Rh7 75. Rb8 g5 76. Bd6 Kg6+ 77. Ke6 gxh4 78. Rg8+
1-0

[Event "First Saturday IM November2014"]
[Site "Budapest"]
[Date "2014.11.09"]
[Round "8.1"]
[White "Balint, Vilmos"]
[Black "Petesch, Gabriel N"]
[Result "1-0"]
[WhiteElo "2158"]
[BlackElo "2263"]
[PlyCount "143"]
[EventDate "2014.11.01"]

1. e4 c5 2. Nf3 d6 3. d4 cxd4 4. Nxd4 Nf6 5. Nc3 a6 6. Qd3 Nc6 7. Nxc6 bxc6 8.
Bg5 Qb6 9. b3 Ng4 10. Qg3 h6 11. Bd2 g5 12. Be2 Ne5 13. f3 f5 14. Na4 Qa7 15.
f4 Nf7 16. Bh5 Bg7 17. Bxf7+ Kxf7 18. O-O-O Qd4 19. Bc3 gxf4 20. Qh4 Qe3+ 21.
Bd2 Qd4 22. Qh5+ Kf8 23. c3 Qf6 24. Bxf4 Qf7 25. Qe2 fxe4 26. Rhf1 Bf6 27. Bxd6
Kg7 28. Bf4 Qg6 29. h3 h5 30. Qc4 Bf5 31. Qc5 Rad8 32. Rxd8 Rxd8 33. Be5 Qg5+
34. Kb2 Rd2+ 35. Ka3 Kg6 36. Bf4 Qxg2 37. Rg1 Rxa2+ 38. Kb4 Bxc3+ 39. Nxc3 a5+
40. Qxa5 Qxg1 41. Nxa2 Qd4+ 42. Ka3 e3 43. Be5 Qd3 44. h4 e2 45. Bc3 Qe3 46.
Bd2 Qe4 47. Be1 Kf7 48. Nc3 Qc2 49. Nxe2 Bg4 50. Nd4 Qc1+ 51. Ka2 c5 52. Bd2
Qd1 53. Nc6 Bf5 54. Qc3 Ke8 55. Ka3 Kd7 56. Ne5+ Ke6 57. Nc4 Kf7 58. Ne3 Qf3
59. Qxc5 Be6 60. Bb4 Qa8+ 61. Kb2 Qh8+ 62. Ka2 Qa8+ 63. Ba3 Qe4 64. Qxh5+ Kg8
65. Qe8+ Kh7 66. Qxe7+ Kg8 67. Qd8+ Kh7 68. Qc7+ Kh6 69. Qc3 Kg6 70. Qc2 Qxc2+
71. Nxc2 Kh5 72. Be7 1-0

[Event "First Saturday IM November2014"]
[Site "Budapest"]
[Date "2014.11.09"]
[Round "8.2"]
[White "Szalanczy, Emil"]
[Black "Boguszlavszkij, Jevgenyij"]
[Result "1/2-1/2"]
[WhiteElo "2232"]
[BlackElo "2262"]
[PlyCount "27"]
[EventDate "2014.11.01"]

1. e4 e5 2. Nf3 Nc6 3. Bb5 a6 4. Bxc6 dxc6 5. O-O Bg4 6. h3 h5 7. d3 Qf6 8. Be3
Bxf3 9. Qxf3 Qxf3 10. gxf3 Bd6 11. Kh1 f6 12. Nd2 Ne7 13. Rg1 Kf7 14. Nc4
1/2-1/2

[Event "First Saturday IM November2014"]
[Site "Budapest"]
[Date "2014.11.09"]
[Round "8.3"]
[White "Tran, Minh Thang"]
[Black "Martic, Zlatko"]
[Result "1-0"]
[WhiteElo "2066"]
[BlackElo "2321"]
[PlyCount "61"]
[EventDate "2014.11.01"]

1. d4 Nf6 2. Bf4 e6 3. e3 b6 4. Nf3 Bb7 5. Nbd2 Be7 6. h3 O-O 7. a4 a5 8. Bd3
d5 9. c3 Ba6 10. Bc2 Nbd7 11. h4 Bd6 12. Ne5 Re8 13. Qf3 Nf8 14. Bg5 Qe7 15. h5
h6 16. Bxh6 gxh6 17. Nc6 Qd7 18. Qxf6 Qxc6 19. Rh4 Nd7 20. Qxh6 f5 21. Qg6+ Kh8
22. Nf3 Nf8 23. Qf6+ Kg8 24. h6 Qd7 25. Ng5 Re7 26. g4 Nh7 27. Nxh7 Rxh7 28.
gxf5 e5 29. Qg6+ Kh8 30. f6 Rf7 31. Qg7+ 1-0

[Event "First Saturday IM November2014"]
[Site "Budapest"]
[Date "2014.11.09"]
[Round "8.4"]
[White "Szeberenyi, Adam"]
[Black "Grimm, Daniel"]
[Result "1-0"]
[WhiteElo "2316"]
[BlackElo "2252"]
[PlyCount "63"]
[EventDate "2014.11.01"]

1. d4 d5 2. c4 dxc4 3. Nf3 c6 4. e3 Be6 5. Nc3 b5 6. a4 b4 7. Ne4 Nf6 8. Nc5
Bd5 9. Ne5 e6 10. Nxc4 Bxc4 11. Bxc4 Bxc5 12. dxc5 Qxd1+ 13. Kxd1 Ne4 14. Ke2
a5 15. f3 Nxc5 16. e4 Ke7 17. Be3 Nbd7 18. Rhd1 Nb7 19. Rac1 Ne5 20. Bd4 f6 21.
Bxe5 fxe5 22. Bxe6 Ra6 23. Rd7+ Kxe6 24. Rxb7 g6 25. Rd1 Rc8 26. Rxh7 c5 27.
Rdd7 c4 28. h4 c3 29. Rhe7+ Kf6 30. g4 g5 31. Rf7+ Ke6 32. hxg5 1-0

[Event "First Saturday IM November2014"]
[Site "Budapest"]
[Date "2014.11.09"]
[Round "8.5"]
[White "Lyell, Mark"]
[Black "Hoegy, Kevin"]
[Result "1-0"]
[WhiteElo "2294"]
[BlackElo "2257"]
[PlyCount "75"]
[EventDate "2014.11.01"]

1. e4 e5 2. Nf3 Nc6 3. d4 exd4 4. Nxd4 Bc5 5. Nb3 Bb6 6. Nc3 Nf6 7. Qe2 O-O 8.
Bg5 h6 9. Bh4 Nd4 10. Qd3 Nxb3 11. axb3 Qe7 12. O-O-O Qe5 13. Kb1 d6 14. f3 Nd7
15. g4 Qa5 16. f4 g5 17. b4 Qxb4 18. Nd5 Qa4 19. fxg5 Ne5 20. Qd2 Bxg4 21. Nf6+
Kh8 22. Nxg4 Nxg4 23. Qf4 h5 24. Bh3 Rae8 25. Bxg4 Qxe4 26. Qf6+ Kg8 27. Bf5
Qe3 28. Rde1 Qd4 29. Qh6 Qg7 30. Qxh5 Bd4 31. c3 Be5 32. Bg3 Bxg3 33. hxg3
Rxe1+ 34. Rxe1 Rd8 35. g6 fxg6 36. Bxg6 d5 37. Rf1 Rd7 38. Be4 1-0

[Event "First Saturday IM November2014"]
[Site "Budapest"]
[Date "2014.11.10"]
[Round "9.1"]
[White "Hoegy, Kevin"]
[Black "Balint, Vilmos"]
[Result "1/2-1/2"]
[WhiteElo "2257"]
[BlackElo "2158"]
[PlyCount "200"]
[EventDate "2014.11.01"]

1. d4 d5 2. Nf3 Nf6 3. c4 e6 4. Nc3 Be7 5. g3 O-O 6. Bg2 c6 7. O-O dxc4 8. Ne5
Nbd7 9. Nxc4 c5 10. dxc5 Nxc5 11. Qxd8 Rxd8 12. Na5 Nd5 13. Nxd5 exd5 14. Rd1
Be6 15. Be3 Na4 16. Bd4 Rd7 17. Rac1 b6 18. Nc6 Bd6 19. Be5 Bf8 20. Nb8 Rxb8
21. Bxb8 Nxb2 22. Rd2 Nc4 23. Rd3 b5 24. Bf4 a5 25. Be3 f6 26. Bd4 Ba3 27. Rb1
b4 28. Ba1 Ne5 29. Rd4 Nc6 30. Rd2 a4 31. Rbd1 Ne7 32. Bb2 Bxb2 33. Rxb2 Nc6
34. Rbd2 Ne7 35. e4 d4 36. Rxd4 Rxd4 37. Rxd4 b3 38. axb3 axb3 39. Rb4 Nc6 40.
Rb6 Nd4 41. Kf1 Bc4+ 42. Ke1 Bb5 43. Kd2 b2 44. Rxb5 Nxb5 45. Kc2 f5 46. Kxb2
fxe4 47. Bxe4 g5 48. Bd3 Nd6 49. Kc3 Kg7 50. Kd4 h6 51. Ke5 Ne8 52. Kf5 Nf6 53.
Be4 Ng8 54. Bd5 Nf6 55. Bc6 Ng8 56. Bd5 Nf6 57. Ba8 Ne8 58. Bh1 Nf6 59. Bf3 Ne8
60. Bg2 Nf6 61. Bh1 Ne8 62. h4 gxh4 63. g4 Nf6 64. Bg2 Nd7 65. f3 Nf6 66. f4
Ne8 67. Ke4 Nf6+ 68. Kf3 Ng8 69. Bf1 Nf6 70. Be2 h3 71. Kg3 Nh7 72. Kxh3 Nf6
73. Bd3 Ne8 74. Kg3 Nf6 75. Bf5 Ng8 76. Kf3 Nf6 77. Ke3 Ng8 78. Kd4 Nf6 79. Ke5
Ne8 80. Ke6 Nf6 81. Ke7 Ng8+ 82. Ke6 Nf6 83. Ke5 Ng8 84. Be4 Nf6 85. Kf5 Ng8
86. Bd5 Nf6 87. Bb3 Nd7 88. Bg8 Nf6 89. Be6 Nh7 90. Ke5 Nf6 91. Kd6 Ne8+ 92.
Kd7 Nf6+ 93. Ke7 Nh7 94. Bf7 Nf6 95. Be6 Nh7 96. Bf5 Nf6 97. Ke6 Ng8 98. g5
hxg5 99. fxg5 Nh6 100. gxh6+ Kxh6 1/2-1/2

[Event "First Saturday IM November2014"]
[Site "Budapest"]
[Date "2014.11.10"]
[Round "9.2"]
[White "Grimm, Daniel"]
[Black "Lyell, Mark"]
[Result "1-0"]
[WhiteElo "2252"]
[BlackElo "2294"]
[PlyCount "133"]
[EventDate "2014.11.01"]

1. e4 e5 2. Nf3 Nc6 3. Bc4 Nf6 4. Ng5 d5 5. exd5 Na5 6. Bb5+ Bd7 7. Qe2 Be7 8.
Nc3 Bxb5 9. Qxb5+ c6 10. dxc6 Nxc6 11. O-O O-O 12. Qe2 Nd4 13. Qd1 Rc8 14. d3
b5 15. a3 a5 16. Be3 b4 17. axb4 axb4 18. Bxd4 Qxd4 19. Nf3 Qg4 20. h3 Qe6 21.
Ne2 Rfd8 22. Re1 Bc5 23. Ng3 Qb6 24. Qe2 Bd4 25. Nxd4 exd4 26. Nf5 Rc7 27. Qd2
h6 28. Re5 Nd5 29. Rae1 Kh7 30. Qe2 Qg6 31. Qe4 Nf6 32. Qf3 Ng8 33. R1e2 Qg5
34. Kh2 Qc1 35. Rd5 Rxd5 36. Qxd5 Nf6 37. Qxd4 Rxc2 38. Rxc2 Qxc2 39. Nd6 Qc7
40. g3 b3 41. Ne4 Nxe4 42. Qxe4+ Kg8 43. Qc4 Qb7 44. Kg1 h5 45. h4 g6 46. Kf1
Qb8 47. d4 Kg7 48. Ke2 f5 49. Qe6 Qb5+ 50. Kd2 Qf1 51. Qe2 Qg2 52. Kc3 Qb7 53.
Qe5+ Kh7 54. d5 f4 55. gxf4 Qc8+ 56. Kxb3 Qh3+ 57. Kc4 Qxh4 58. d6 Qg4 59. Qe7+
Kg8 60. d7 Qxf4+ 61. Kd5 Qd2+ 62. Kc6 Qc2+ 63. Qc5 Qa4+ 64. Kc7 Qf4+ 65. Kc8
Qg4 66. Qd5+ Kh7 67. f4 1-0

[Event "First Saturday IM November2014"]
[Site "Budapest"]
[Date "2014.11.10"]
[Round "9.3"]
[White "Martic, Zlatko"]
[Black "Szeberenyi, Adam"]
[Result "1/2-1/2"]
[WhiteElo "2321"]
[BlackElo "2316"]
[PlyCount "29"]
[EventDate "2014.11.01"]

1. d4 d5 2. c4 e6 3. Nc3 Nf6 4. cxd5 exd5 5. Bg5 Be7 6. Qc2 c6 7. e3 O-O 8. Bd3
Nbd7 9. Nge2 Re8 10. O-O Nf8 11. Rab1 Be6 12. b4 a6 13. a4 Rc8 14. b5 axb5 15.
axb5 1/2-1/2

[Event "First Saturday IM November2014"]
[Site "Budapest"]
[Date "2014.11.10"]
[Round "9.4"]
[White "Boguszlavszkij, Jevgenyij"]
[Black "Tran, Minh Thang"]
[Result "1/2-1/2"]
[WhiteElo "2262"]
[BlackElo "2066"]
[PlyCount "24"]
[EventDate "2014.11.01"]

1. d4 Nf6 2. Nf3 g6 3. g3 Bg7 4. Bg2 O-O 5. O-O d6 6. Nc3 Nbd7 7. e4 e5 8. h3
c6 9. Be3 Qe7 10. dxe5 dxe5 11. Qd2 Nc5 12. Bg5 Ne6 1/2-1/2

[Event "First Saturday IM November2014"]
[Site "Budapest"]
[Date "2014.11.10"]
[Round "9.5"]
[White "Petesch, Gabriel N"]
[Black "Szalanczy, Emil"]
[Result "1-0"]
[WhiteElo "2263"]
[BlackElo "2232"]
[PlyCount "99"]
[EventDate "2014.11.01"]

1. Nf3 c5 2. e4 d6 3. Bb5+ Bd7 4. Bxd7+ Nxd7 5. O-O Ngf6 6. Re1 e6 7. b3 Be7 8.
Bb2 O-O 9. d4 cxd4 10. Qxd4 Rc8 11. c4 Qa5 12. Nc3 a6 13. Qd2 Ne5 14. Nd4 Rc5
15. f4 Nc6 16. Nf3 Rh5 17. h3 Bd8 18. Kh2 Rh6 19. Nd1 Ng4+ 20. Kh1 Qxd2 21.
Nxd2 Nb4 22. Rf1 Bb6 23. Rf3 f5 24. Rg3 Rf7 25. Nf1 Rh4 26. Bc3 a5 27. a3 Nc6
28. Ra2 Nf6 29. exf5 exf5 30. Rf3 Nh5 31. g3 Nxg3+ 32. Nxg3 Rxh3+ 33. Kg2 Rh4
34. Re2 Re7 35. Rxe7 Nxe7 36. Ne3 g6 37. Bf6 Rxf4 38. Rxf4 Bxe3 39. Rf3 Bc5 40.
Bxe7 Kf7 41. Bd8 b6 42. Ne4 Bxa3 43. Bxb6 Bb4 44. Ng5+ Kf6 45. Nxh7+ Ke5 46.
Re3+ Kf4 47. Re6 g5 48. Be3+ Kg4 49. Nf6+ Kh4 50. Bf2# 1-0